Thế kỷ XXI nhìn về Trương Vĩnh Ký :

Αποθηκεύτηκε σε:
Λεπτομέρειες βιβλιογραφικής εγγραφής
Μορφή: Βιβλίο
Γλώσσα:Undetermined
Έκδοση: Hà Nội Hồng Đức,Tạp chí Xưa và Nay 2013
Θέματα:
Ετικέτες: Προσθήκη ετικέτας
Δεν υπάρχουν, Καταχωρήστε ετικέτα πρώτοι!
Thư viện lưu trữ: Trung tâm Học liệu Trường Đại học Cần Thơ
LEADER 00570nam a2200181Ia 4500
001 CTU_194973
008 210402s9999 xx 000 0 und d
020 |c 95000 
082 |a 929.2 
082 |b Th250 
245 0 |a Thế kỷ XXI nhìn về Trương Vĩnh Ký : 
245 0 |c Võ Văn Kiệt ... [et al.] 
260 |a Hà Nội 
260 |b Hồng Đức,Tạp chí Xưa và Nay 
260 |c 2013 
650 |a Vietnamese literature 
650 |x Biography,Trương Vĩnh Ký 
980 |a Trung tâm Học liệu Trường Đại học Cần Thơ